000 00504nam a2200169 i 4500
001 78287
003 ES-MaACL
005 20230906173638.0
007 t|
008 041013s1971 sp ||||1| spa d
100 1 _aHarvey, Jack.
_962018
245 1 0 _aCurso medio de Economía /
_cpor J. Harvey ; [traducción de Olga Castells].
260 _aBarcelona :
_bGustavo Gili,
_c[1971]
300 _aXII, 546 p. :
_bil. ;
_c22 cm.
700 1 _aCastells, Olga.
_936591
852 _aES-MaACL
_jC-38340
_bR.78884
999 _c78287
_d78287